Estadísticas para Países del Mundo por Primera Letra

Haz click aquí para intentar la prueba.

Estadísticas generales

  • Esta prueba ha sido intentada 795 veces
  • La puntuación promedio es 150 de 196

Respuestas en el mapa

Las respuestas están codificadas por una escala verde-roja en el mapa de la prueba según el % correcto abajo.
 

Estadísticas de respuestas

País% Correcto
Reino Unido
97%
Antigua y Barbuda
96%
Emiratos Árabes
Unidos
96%
Estados Unidos
96%
Líbano
96%
Suazilandia
96%
República Checa
94%
Afganistán
92%
Albania
92%
Alemania
92%
Andorra
92%
Angola
92%
Arabia Saudita
92%
Argelia
92%
Argentina
92%
Armenia
92%
Australia
92%
Austria
92%
Azerbaiyán
92%
Corea del Norte
92%
Corea del Sur
92%
San Cristóbal y Nieves
92%
Catar
91%
Ecuador
91%
Egipto
91%
El Salvador
91%
Eritrea
91%
Eslovaquia
91%
Eslovenia
91%
España
91%
Estonia
91%
Etiopía
91%
Islas Marshall
91%
Islas Salomón
90%
Ciudad del Vaticano
89%
República Dominicana
89%
Bahamas
88%
Barbados
88%
Birmania
88%
China
88%
Comoras
88%
Países Bajos
88%
República
Centroafricana
88%
República del Congo
88%
República Democrática
del Congo
88%
San Vicente y las
Granadinas
88%
Filipinas
85%
India
85%
Bangladés
84%
Baréin
84%
Bélgica
84%
Belice
84%
Benín
84%
Bielorrusia
84%
Bolivia
84%
Bosnia y Herzegovina
84%
Botsuana
84%
Brasil
84%
Brunéi
84%
Bulgaria
84%
Burkina Faso
84%
Burundi
84%
Bután
84%
Cabo Verde
84%
Camboya
84%
Camerún
84%
Canadá
84%
Chad
84%
Chile
84%
Chipre
84%
Colombia
84%
Costa de Marfil
84%
Costa Rica
84%
Croacia
84%
Cuba
84%
Maldivas
84%
Taiwán
84%
Honduras
82%
Santa Lucía
82%
Seychelles
82%
Finlandia
81%
Fiyi
81%
Francia
81%
Estados Federados
de Micronesia
80%
Macedonia del
Norte
80%
Gabón
79%
Gambia
79%
Georgia
79%
Ghana
79%
Granada
79%
Grecia
79%
Guatemala
79%
Guinea
79%
Guinea-Bissau
79%
Guinea Ecuatorial
79%
Guyana
79%
Dinamarca
77%
Dominica
77%
Haití
77%
Hungría
77%
Indonesia
77%
Irak
77%
Irán
77%
Irlanda
77%
Islandia
77%
Israel
77%
Italia
77%
Pakistán
76%
Palaos
76%
Panamá
76%
Papua Nueva Guinea
76%
Paraguay
76%
Perú
76%
Polonia
76%
Portugal
76%
Madagascar
75%
Malasia
75%
Malaui
75%
Malí
75%
Malta
75%
Marruecos
75%
Mauricio
75%
Mauritania
75%
México
75%
Moldavia
75%
Mónaco
75%
Mongolia
75%
Montenegro
75%
Mozambique
75%
Namibia
75%
Nauru
75%
Nepal
75%
Nicaragua
75%
Níger
75%
Nigeria
75%
Noruega
75%
Nueva Zelanda
75%
Jamaica
73%
Japón
73%
Jordania
73%
Kazajistán
72%
Kenia
72%
Kirguistán
72%
Kiribati
72%
Kosovo
72%
Kuwait
72%
Laos
70%
Lesoto
70%
Letonia
70%
Liberia
70%
Libia
70%
Liechtenstein
70%
Lituania
70%
Luxemburgo
70%
Omán
69%
Santo Tomé y Príncipe
69%
Ruanda
65%
Rumania
65%
Rusia
65%
Samoa
65%
San Marino
65%
Senegal
65%
Serbia
65%
Sierra Leona
65%
Singapur
65%
Siria
65%
Somalia
65%
Sri Lanka
65%
Sudáfrica
65%
Sudán
65%
Sudán del Sur
65%
Suecia
65%
Suiza
65%
Surinam
65%
Ucrania
56%
Uganda
56%
Uruguay
56%
Uzbekistán
56%
Tailandia
54%
Tanzania
54%
Tayikistán
54%
Timor Oriental
54%
Togo
54%
Tonga
54%
Trinidad y Tobago
54%
Túnez
54%
Turkmenistán
54%
Turquía
54%
Tuvalu
54%
Vanuatu
51%
Venezuela
51%
Vietnam
51%
Yemen
36%
Yibuti
36%
Zambia
31%
Zimbabue
31%

Distribución de puntuación

Porcentaje por número respondido

Porcentaje de gente con cada puntuación

Historial de tus puntuaciones

No has intentado esta prueba.